Dibujo técnico
Spremljeno u:
| Glavni autori: | , |
|---|---|
| Format: | Knjiga |
| Jezik: | španjolski |
| Izdano: |
Bogotá
McGraw-Hill
1993
|
| Teme: | |
| Oznake: |
Dodaj oznaku
Bez oznaka, Budi prvi tko označuje ovaj zapis!
|
MARC
| LEADER | 00000nam a2200000 a 4500 | ||
|---|---|---|---|
| 001 | UCY1176 | ||
| 003 | CL-VaPUC | ||
| 008 | 940823e19930000CK |||||||||||||||||spa|d | ||
| 082 | 0 | 4 | |a 604.2 |b JEN |2 21 |
| 100 | |a Jensen, Cecil Howard |e author |9 483448 | ||
| 700 | 0 | |a Masson, Fred |e author |9 329086 | |
| 245 | 1 | 0 | |a Dibujo técnico |
| 300 | |a 3 v | ||
| 942 | |c BK | ||
| 945 | |d 19940823 00:00:00 |a mfernand | ||
| 260 | |a Bogotá |b McGraw-Hill |c 1993 | ||
| 650 | 7 | |a DIBUJO TECNICO |2 CL-VaPUC |9 329087 | |
| 650 | 7 | |a INGENIERIA DIBUJO |2 CL-VaPUC |9 329088 | |
| 583 | |a last modification |c 19940823 00:00:00 |k Rodrigo Vera | ||
| 999 | |c 229959 |d 229957 | ||
| 952 | |0 0 |1 0 |4 0 |6 604_200000000000000_JEN_1993 |7 0 |8 A |9 231718 |a BIBMEC |b BIBMEC |d 2019-11-15 |h v.1 |i 3782573 |o 604.2 JEN 1993 |p 3782573 |r 2024-01-19 |w 2019-11-15 |y BK |k MEC | ||
| 952 | |0 0 |1 0 |4 0 |6 604_200000000000000_JEN_1993 |7 0 |8 A |9 231719 |a BIBMEC |b BIBMEC |d 2019-11-15 |h v.2 |i 3782581 |o 604.2 JEN 1993 |p 3782581 |r 2024-01-19 |w 2019-11-15 |y BK |k MEC | ||